|
|
|
|
| LEADER |
00000cam a22000004a 4500 |
| 001 |
musev2_11267 |
| 003 |
MdBmJHUP |
| 005 |
20230905041252.0 |
| 006 |
m o d |
| 007 |
cr||||||||nn|n |
| 008 |
110211s2011 txu o 00 0 eng d |
| 010 |
|
|
|z 2011005492
|
| 020 |
|
|
|a 9780292735538
|
| 020 |
|
|
|z 0292726686
|
| 020 |
|
|
|z 9780292726680
|
| 020 |
|
|
|z 0292735537
|
| 035 |
|
|
|a (OCoLC)773038801
|
| 040 |
|
|
|a MdBmJHUP
|c MdBmJHUP
|
| 100 |
1 |
|
|a Ward, Margaret E.
|
| 245 |
1 |
0 |
|a Missing Mila, Finding Family :
|b An International Adoption in the Shadow of the Salvadoran Civil War /
|c by Margaret E. Ward.
|
| 250 |
|
|
|a 1st ed.
|
| 264 |
|
1 |
|a Austin :
|b University of Texas Press,
|c 2011.
|
| 264 |
|
3 |
|a Baltimore, Md. :
|b Project MUSE,
|c 2012
|
| 264 |
|
4 |
|c ©2011.
|
| 300 |
|
|
|a 1 online resource:
|b illustrations ;
|
| 336 |
|
|
|a text
|b txt
|2 rdacontent
|
| 337 |
|
|
|a computer
|b c
|2 rdamedia
|
| 338 |
|
|
|a online resource
|b cr
|2 rdacarrier
|
| 490 |
0 |
|
|a Louann Atkins Temple women & culture series ;
|v bk. 27
|
| 505 |
0 |
|
|a Our Story -- Adoption: Tegucigalpa, Honduras, May-June 1983 -- Rediscovery: Massachusetts, August-December 1997 -- Reunion: Heredia, Costa Rica, December 1997 -- Their Stories -- Putting the Pieces Together, 1952-1992 -- Interlude. Mi flor favorita/My Favorite Flower -- Imagining Mila: New Hampshire, Summer 2007 -- Interlude. La Guerra verdadera/The True War -- The Disappeared Children of El Salvador -- Interlude. My Perfect World.
|
| 588 |
|
|
|a Description based on print version record.
|
| 650 |
|
7 |
|a Intercountry adoption.
|2 fast
|0 (OCoLC)fst00976069
|
| 650 |
|
7 |
|a Birthparents.
|2 fast
|0 (OCoLC)fst00833294
|
| 650 |
|
6 |
|a Parents naturels
|z Salvador.
|
| 650 |
|
6 |
|a Adoption internationale
|z États-Unis.
|
| 650 |
|
0 |
|a Birthparents
|z El Salvador.
|
| 650 |
|
0 |
|a Intercountry adoption
|z United States.
|
| 651 |
|
7 |
|a United States.
|2 fast
|0 (OCoLC)fst01204155
|
| 651 |
|
7 |
|a El Salvador.
|2 fast
|0 (OCoLC)fst01205530
|
| 651 |
|
6 |
|a Salvador
|x Histoire
|y 1979-1992 (Guerre civile)
|
| 651 |
|
0 |
|a El Salvador
|x History
|y Civil War, 1979-1992.
|
| 655 |
|
7 |
|a History.
|2 fast
|0 (OCoLC)fst01411628
|
| 655 |
|
7 |
|a Electronic books.
|2 local
|
| 710 |
2 |
|
|a Project Muse.
|e distributor
|
| 830 |
|
0 |
|a Book collections on Project MUSE.
|
| 856 |
4 |
0 |
|z Texto completo
|u https://projectmuse.uam.elogim.com/book/11267/
|
| 945 |
|
|
|a Project MUSE - Custom Collection
|
| 945 |
|
|
|a Project MUSE - 2011 Complete
|
| 945 |
|
|
|a Project MUSE - 2011 Latin American and Caribbean Studies
|
| 945 |
|
|
|a Project MUSE - 2011 Global Cultural Studies
|